[Event "56th Biel Festival MTO 2023"]
[White "Jinan Jomon"]
[Black "Ermitsch,Magnus"]
[Site "Biel"]
[Round "9.23"]
[Annotator "ChessBase"]
[Result "1-0"]
[Date "2023.07.27"]
[WhiteElo "2409"]
[BlackElo "2232"]
[PlyCount "53"]
[TimeControl "60"]

1. c4 {[%emt 0:0:0]} c6 {[%emt 0:0:0]} 2. Nf3 {[%emt 0:0:0]} d5 {[%emt 0:0:0]} 3. e3 {[%emt 0:0:0]} Nf6 {[%emt 0:0:0]} 4. Nc3 {[%emt 0:0:0]} e6 {[%emt 0:0:0]} 5. b3 {[%emt 0:0:0]} Nbd7 {[%emt 0:0:0]} 6. d4 {[%emt 0:0:19]} Bb4 {[%emt 0:0:0]} 7. Bd2 {[%emt 0:0:6]} O-O {[%emt 0:0:0]} 8. Be2 {[%emt 0:6:36]} b6 {[%emt 0:1:11]} 9. O-O {[%emt 0:0:13]} Qe7 {[%emt 0:3:26]} 10. Qc2 {[%emt 0:5:10]} Bb7 {[%emt 0:1:7]} 11. Rad1 {[%emt 0:13:43]} Rac8 {[%emt 0:2:55]} 12. Qb2 {[%emt 0:11:0]} Rfd8 {[%emt 0:4:7]} 13. Rfe1 {[%emt 0:7:43]} c5 {[%emt 0:12:14]} 14. cxd5 {[%emt 0:9:24]} cxd4 {[%emt 0:6:25]} 15. Nxd4 {[%emt 0:0:35]} exd5 {[%emt 0:9:0]} 16. Nb1 {[%emt 0:5:29]} g6 {[%emt 0:3:59]} 17. Bxb4 {[%emt 0:2:17]} Qxb4 {[%emt 0:1:11]} 18. Nd2 {[%emt 0:7:16]} Qe7 {[%emt 0:4:13]} 19. Bf1 {[%emt 0:8:47]} Ne4 {[%emt 0:1:18]} 20. Nxe4 {[%emt 0:3:42]} dxe4 {[%emt 0:0:46]} 21. Nb5 {[%emt 0:0:10]} Ra8 {[%emt 0:6:44]} 22. Rd4 {[%emt 0:3:30]} Nc5 {[%emt 0:5:4]} 23. Red1 {[%emt 0:0:40]} Qg5 {[%emt 0:10:39]} 24. Nd6 {[%emt 0:6:26]} Qg4 {[%emt 0:5:38]} 25. f4 {[%emt 0:0:46]} Qe6 {[%emt 0:3:37]} 26. h3 {[%emt 0:3:23]} Kf8 {[%emt 0:4:43]} 27. Kh2 {[%emt 0:0:0]} 1-0

[Event "56th Biel Festival MTO 2023"]
[White "Ajay Krishna,S."]
[Black "Wang,Chuqiao"]
[Site "Biel"]
[Round "9.24"]
[Annotator "ChessBase"]
[Result "1-0"]
[Date "2023.07.27"]
[WhiteElo "2390"]
[BlackElo "2161"]
[PlyCount "77"]
[TimeControl "60"]

1. Nf3 {[%emt 0:0:0]} Nf6 {[%emt 0:0:0]} 2. c4 {[%emt 0:0:0]} e6 {[%emt 0:0:0]} 3. g3 {[%emt 0:0:0]} d5 {[%emt 0:0:0]} 4. Bg2 {[%emt 0:0:0]} c5 {[%emt 0:0:0]} 5. cxd5 {[%emt 0:0:0]} exd5 {[%emt 0:0:0]} 6. d4 {[%emt 0:0:0]} Nc6 {[%emt 0:0:0]} 7. O-O {[%emt 0:0:0]} Be7 {[%emt 0:0:0]} 8. Nc3 {[%emt 0:0:0]} O-O {[%emt 0:0:0]} 9. dxc5 {[%emt 0:0:0]} Bxc5 {[%emt 0:0:0]} 10. a3 {[%emt 0:0:0]} a5 {[%emt 0:0:0]} 11. Bg5 {[%emt 0:3:40]} d4 {[%emt 0:0:43]} 12. Ne4 {[%emt 0:8:51]} Be7 {[%emt 0:0:19]} 13. Bxf6 {[%emt 0:0:25]} Bxf6 {[%emt 0:0:8]} 14. Rc1 {[%emt 0:0:53]} Re8 {[%emt 0:10:39]} 15. Ne1 {[%emt 0:5:40]} Qe7 {[%emt 0:7:30]} 16. Nd3 {[%emt 0:8:23]} Rb8 {[%emt 0:6:47]} 17. Nf4 {[%emt 0:5:54]} Qd8 {[%emt 0:6:28]} 18. Qb3 {[%emt 0:8:55]} Be5 {[%emt 0:4:51]} 19. Nd5 {[%emt 0:11:12]} Bd6 {[%emt 0:4:50]} 20. Qb5 {[%emt 0:11:34]} Be6 {[%emt 0:5:47]} 21. Nxd6 {[%emt 0:10:13]} Qxd6 {[%emt 0:0:16]} 22. Nf4 {[%emt 0:0:7]} Bd7 {[%emt 0:8:17]} 23. Rfe1 {[%emt 0:8:36]} Rec8 {[%emt 0:7:59]} 24. Qb6 {[%emt 0:1:0]} Be8 {[%emt 0:10:20]} 25. Red1 {[%emt 0:4:48]} Qe7 {[%emt 0:0:0]} 26. Qb5 {[%emt 0:0:29]} Rd8 {[%emt 0:1:0]} 27. Qc5 {[%emt 0:6:8]} Kf8 {[%emt 0:4:33]} 28. Qh5 {[%emt 0:2:6]} Kg8 {[%emt 0:1:47]} 29. Qc5 {[%emt 0:0:51]} Kf8 {[%emt 0:0:10]} 30. Qf5 {[%emt 0:0:58]} Kg8 {[%emt 0:1:13]} 31. Nd5 {[%emt 0:1:32]} Qd7 {[%emt 0:4:18]} 32. Qg5 {[%emt 0:0:49]} Qd6 {[%emt 0:1:54]} 33. e3 {[%emt 0:1:59]} dxe3 {[%emt 0:2:3]} 34. Nxe3 {[%emt 0:0:5]} Qg6 {[%emt 0:1:25]} 35. Qf4 {[%emt 0:0:32]} h6 {[%emt 0:7:55]} 36. h4 {[%emt 0:0:7]} Qe6 {[%emt 0:2:33]} 37. Qc7 {[%emt 0:1:49]} Rd7 {[%emt 0:1:39]} 38. Rxd7 {[%emt 0:0:22]} Qxd7 {[%emt 0:3:11]} 39. Rxc6 {[%emt 0:0:13]} 1-0

[Event "56th Biel Festival MTO 2023"]
[White "Schnepp,Gunnar"]
[Black "Haimovich,Tal"]
[Site "Biel"]
[Round "9.25"]
[Annotator "ChessBase"]
[Result "1-0"]
[Date "2023.07.27"]
[WhiteElo "2278"]
[BlackElo "2374"]
[PlyCount "103"]
[TimeControl "60"]

1. e4 {[%emt 0:0:0]} c5 {[%emt 0:0:0]} 2. Nf3 {[%emt 0:0:0]} e6 {[%emt 0:0:0]} 3. d4 {[%emt 0:0:0]} cxd4 {[%emt 0:0:0]} 4. Nxd4 {[%emt 0:0:0]} Nc6 {[%emt 0:0:0]} 5. Nc3 {[%emt 0:0:0]} d6 {[%emt 0:0:0]} 6. Be2 {[%emt 0:0:0]} Nf6 {[%emt 0:0:0]} 7. O-O {[%emt 0:4:0]} Be7 {[%emt 0:0:0]} 8. Be3 {[%emt 0:0:49]} O-O {[%emt 0:0:0]} 9. f4 {[%emt 0:4:19]} e5 {[%emt 0:0:0]} 10. Nb3 {[%emt 0:2:21]} exf4 {[%emt 0:0:0]} 11. Rxf4 {[%emt 0:4:44]} Nd7 {[%emt 0:7:31]} 12. Rf1 {[%emt 0:32:19]} Nde5 {[%emt 0:2:22]} 13. Nd5 {[%emt 0:4:5]} Bg5 {[%emt 0:2:43]} 14. Qd2 {[%emt 0:1:40]} Bxe3+ {[%emt 0:0:53]} 15. Qxe3 {[%emt 0:2:25]} Be6 {[%emt 0:4:41]} 16. Rad1 {[%emt 0:4:12]} Re8 {[%emt 0:8:35]} 17. c4 {[%emt 0:13:55]} b6 {[%emt 0:6:56]} 18. a3 {[%emt 0:5:32]} Rc8 {[%emt 0:2:27]} 19. Qg3 {[%emt 0:1:44]} Ng6 {[%emt 0:2:29]} 20. Ne3 {[%emt 0:6:12]} Nce5 {[%emt 0:8:5]} 21. Nd4 {[%emt 0:0:12]} Re7 {[%emt 0:7:4]} 22. Ndf5 {[%emt 0:2:13]} Rd7 {[%emt 0:3:48]} 23. Rd2 {[%emt 0:1:4]} Qc7 {[%emt 0:9:10]} 24. Rf4 {[%emt 0:0:0]} Rcd8 {[%emt 0:0:0]} 25. h4 {[%emt 0:0:0]} f6 {[%emt 0:0:0]} 26. h5 {[%emt 0:0:0]} Nf8 {[%emt 0:0:0]} 27. h6 {[%emt 0:0:0]} g6 {[%emt 0:0:0]} 28. Ng7 {[%emt 0:0:0]} Rf7 {[%emt 0:0:0]} 29. b3 {[%emt 0:0:0]} a5 {[%emt 0:0:0]} 30. Kh1 {[%emt 0:0:0]} Qc5 {[%emt 0:0:0]} 31. a4 {[%emt 0:0:0]} Qc7 {[%emt 0:0:0]} 32. Bg4 {[%emt 0:0:0]} Nxg4 {[%emt 0:0:0]} 33. Nxg4 {[%emt 0:0:0]} Bxg4 {[%emt 0:0:11]} 34. Qxg4 {[%emt 0:0:0]} Qc5 {[%emt 0:0:30]} 35. Qg3 {[%emt 0:0:0]} Rfd7 {[%emt 0:0:30]} 36. Rd5 {[%emt 0:0:0]} Qa3 {[%emt 0:0:30]} 37. Nf5 {[%emt 0:0:0]} Qb2 {[%emt 0:0:30]} 38. Nxd6 {[%emt 0:0:0]} Ne6 {[%emt 0:0:30]} 39. Nf5 {[%emt 0:0:0]} Rxd5 {[%emt 0:0:30]} 40. Ne7+ {[%emt 0:0:0]} Kf7 {[%emt 0:0:30]} 41. Nxd5 {[%emt 0:5:19]} Qe2 {[%emt 0:38:53]} 42. Rf2 {[%emt 0:3:34]} Qh5+ {[%emt 0:0:30]} 43. Kg1 {[%emt 0:5:29]} Qxh6 {[%emt 0:0:30]} 44. Rf1 {[%emt 0:0:30]} Kg7 {[%emt 0:0:30]} 45. Qc3 {[%emt 0:0:30]} Qg5 {[%emt 0:11:47]} 46. Rxf6 {[%emt 0:4:28]} Nd4 {[%emt 0:0:20]} 47. Qxd4 {[%emt 0:9:36]} Rxd5 {[%emt 0:0:13]} 48. cxd5 {[%emt 0:0:22]} Qxf6 {[%emt 0:0:6]} 49. Qxf6+ {[%emt 0:1:37]} Kxf6 {[%emt 0:0:2]} 50. d6 {[%emt 0:0:37]} h5 {[%emt 0:0:3]} 51. e5+ {[%emt 0:0:59]} Ke6 {[%emt 0:0:5]} 52. g4 {[%emt 0:1:31]} 1-0

[Event "56th Biel Festival MTO 2023"]
[White "Vasquez Toledo,Cristian"]
[Black "Sukandar,Irine Kharisma"]
[Site "Biel"]
[Round "9.26"]
[Annotator "ChessBase"]
[Result "0-1"]
[Date "2023.07.27"]
[WhiteElo "2233"]
[BlackElo "2358"]
[PlyCount "88"]
[TimeControl "60"]

1. e4 {[%emt 0:0:0]} e5 {[%emt 0:0:0]} 2. Nf3 {[%emt 0:0:0]} Nc6 {[%emt 0:0:0]} 3. Bc4 {[%emt 0:0:0]} Bc5 {[%emt 0:0:0]} 4. c3 {[%emt 0:0:0]} Nf6 {[%emt 0:0:0]} 5. d3 {[%emt 0:0:0]} d6 {[%emt 0:0:0]} 6. O-O {[%emt 0:0:0]} a5 {[%emt 0:0:0]} 7. Bb3 {[%emt 0:0:0]} h6 {[%emt 0:0:0]} 8. Re1 {[%emt 0:1:41]} O-O {[%emt 0:0:0]} 9. h3 {[%emt 0:0:31]} Re8 {[%emt 0:4:31]} 10. Nbd2 {[%emt 0:3:59]} Ba7 {[%emt 0:3:24]} 11. Nf1 {[%emt 0:1:32]} Be6 {[%emt 0:2:29]} 12. Ba4 {[%emt 0:2:55]} Rb8 {[%emt 0:4:38]} 13. Ng3 {[%emt 0:1:3]} b5 {[%emt 0:1:17]} 14. Bc2 {[%emt 0:1:32]} d5 {[%emt 0:2:14]} 15. exd5 {[%emt 0:6:38]} Bxd5 {[%emt 0:0:55]} 16. Be3 {[%emt 0:1:19]} Bb6 {[%emt 0:12:37]} 17. Bxb6 {[%emt 0:10:44]} Rxb6 {[%emt 0:4:49]} 18. Re3 {[%emt 0:0:15]} b4 {[%emt 0:13:15]} 19. Ba4 {[%emt 0:1:13]} bxc3 {[%emt 0:5:55]} 20. bxc3 {[%emt 0:1:6]} Re6 {[%emt 0:4:53]} 21. Nd2 {[%emt 0:20:48]} Ne7 {[%emt 0:0:46]} 22. Qe1 {[%emt 0:1:52]} Ng6 {[%emt 0:0:41]} 23. c4 {[%emt 0:3:11]} Ba8 {[%emt 0:1:22]} 24. Nf3 {[%emt 0:7:29]} c5 {[%emt 0:5:6]} 25. Bb5 {[%emt 0:0:35]} Rbd6 {[%emt 0:2:28]} 26. Nxe5 {[%emt 0:5:57]} Nf4 {[%emt 0:2:0]} 27. f3 {[%emt 0:2:29]} g6 {[%emt 0:14:39]} 28. Qc3 {[%emt 0:5:14]} h5 {[%emt 0:0:30]} 29. Rae1 {[%emt 0:1:45]} h4 {[%emt 0:0:28]} 30. Nh1 {[%emt 0:0:28]} Bb7 {[%emt 0:2:52]} 31. Nf2 {[%emt 0:0:13]} Rd4 {[%emt 0:1:38]} 32. Neg4 {[%emt 0:4:24]} Nxg4 {[%emt 0:0:30]} 33. hxg4 {[%emt 0:0:35]} Qc7 {[%emt 0:2:30]} 34. Ne4 {[%emt 0:9:36]} Bxe4 {[%emt 0:1:15]} 35. fxe4 {[%emt 0:1:6]} Qd8 {[%emt 0:0:52]} 36. Rf1 {[%emt 0:1:55]} Qg5 {[%emt 0:4:46]} 37. Qxa5 {[%emt 0:5:57]} Qxg4 {[%emt 0:0:6]} 38. Rf2 {[%emt 0:0:4]} Nxd3 {[%emt 0:5:5]} 39. Rfe2 {[%emt 0:1:23]} Nf4 {[%emt 0:0:26]} 40. Rf2 {[%emt 0:0:29]} Rd1+ {[%emt 0:0:57]} 41. Kh2 {[%emt 0:30:2]} g5 {[%emt 0:0:0]} 42. Qa7 {[%emt 0:0:0]} Red6 {[%emt 0:2:13]} 43. Qxc5 {[%emt 0:0:0]} R6d2 {[%emt 0:4:17]} 44. Ref3 {[%emt 0:0:0]} Qxg2+ {[%emt 0:1:23]} 0-1

[Event "56th Biel Festival MTO 2023"]
[White "Besou,Hussain"]
[Black "Kocharin,Timur"]
[Site "Biel"]
[Round "9.27"]
[Annotator "ChessBase"]
[Result "1-0"]
[Date "2023.07.27"]
[WhiteElo "2348"]
[BlackElo "2225"]
[PlyCount "93"]
[TimeControl "60"]

1. d4 {[%emt 0:0:0]} Nf6 {[%emt 0:0:0]} 2. c4 {[%emt 0:0:0]} e6 {[%emt 0:0:0]} 3. Nc3 {[%emt 0:0:0]} d5 {[%emt 0:0:0]} 4. cxd5 {[%emt 0:0:0]} exd5 {[%emt 0:0:0]} 5. Bg5 {[%emt 0:0:0]} Bb4 {[%emt 0:0:0]} 6. Nf3 {[%emt 0:0:0]} h6 {[%emt 0:0:0]} 7. Bh4 {[%emt 0:0:0]} g5 {[%emt 0:2:22]} 8. Bg3 {[%emt 0:0:0]} Ne4 {[%emt 0:1:0]} 9. Nd2 {[%emt 0:0:0]} Nxg3 {[%emt 0:3:39]} 10. hxg3 {[%emt 0:0:0]} c6 {[%emt 0:4:21]} 11. e3 {[%emt 0:0:0]} Bf5 {[%emt 0:4:44]} 12. Nf3 {[%emt 0:9:8]} Be7 {[%emt 0:7:24]} 13. Bd3 {[%emt 0:1:54]} Bxd3 {[%emt 0:11:5]} 14. Qxd3 {[%emt 0:0:8]} Na6 {[%emt 0:10:2]} 15. Ne5 {[%emt 0:13:7]} Bf6 {[%emt 0:5:28]} 16. Nxc6 {[%emt 0:3:24]} Qc7 {[%emt 0:6:9]} 17. Ne5 {[%emt 0:0:37]} Bxe5 {[%emt 0:0:20]} 18. dxe5 {[%emt 0:0:55]} Qxe5 {[%emt 0:2:0]} 19. Qxd5 {[%emt 0:7:26]} Qxd5 {[%emt 0:0:24]} 20. Nxd5 {[%emt 0:0:5]} O-O-O {[%emt 0:0:21]} 21. O-O-O {[%emt 0:0:25]} Nc5 {[%emt 0:4:38]} 22. f3 {[%emt 0:1:37]} Ne6 {[%emt 0:2:10]} 23. g4 {[%emt 0:0:28]} Ng7 {[%emt 0:1:48]} 24. e4 {[%emt 0:4:43]} h5 {[%emt 0:6:43]} 25. gxh5 {[%emt 0:1:4]} Rxh5 {[%emt 0:7:37]} 26. Rxh5 {[%emt 0:0:18]} Nxh5 {[%emt 0:0:8]} 27. Rh1 {[%emt 0:0:2]} Ng3 {[%emt 0:1:57]} 28. Rh7 {[%emt 0:0:34]} Ne2+ {[%emt 0:1:3]} 29. Kc2 {[%emt 0:0:37]} Rd7 {[%emt 0:0:50]} 30. Nf6 {[%emt 0:2:23]} Rd8 {[%emt 0:2:22]} 31. Rxf7 {[%emt 0:1:8]} Nd4+ {[%emt 0:1:5]} 32. Kc3 {[%emt 0:5:33]} Ne2+ {[%emt 0:0:19]} 33. Kc4 {[%emt 0:0:25]} Nf4 {[%emt 0:1:54]} 34. Nd5 {[%emt 0:2:16]} Nxg2 {[%emt 0:1:43]} 35. e5 {[%emt 0:1:2]} Nh4 {[%emt 0:3:30]} 36. Rf6 {[%emt 0:4:27]} Kd7 {[%emt 0:3:28]} 37. e6+ {[%emt 0:0:30]} Kc8 {[%emt 0:1:35]} 38. Kc5 {[%emt 0:0:59]} Re8 {[%emt 0:7:21]} 39. a4 {[%emt 0:44:45]} Nxf3 {[%emt 0:0:30]} 40. Rxf3 {[%emt 0:0:30]} Rxe6 {[%emt 0:0:30]} 41. Rf8+ {[%emt 0:30:30]} Kd7 {[%emt 0:30:30]} 42. Rf7+ {[%emt 0:0:30]} Kc8 {[%emt 0:0:30]} 43. Rg7 {[%emt 0:0:30]} b6+ {[%emt 0:0:30]} 44. Kd4 {[%emt 0:0:30]} Re2 {[%emt 0:0:30]} 45. b4 {[%emt 0:0:30]} Kb8 {[%emt 0:0:30]} 46. Rxg5 {[%emt 0:0:30]} Ra2 {[%emt 0:0:30]} 47. Nc3 {[%emt 0:0:30]} 1-0

[Event "56th Biel Festival MTO 2023"]
[White "Zhang,Lanlin"]
[Black "Urh,Zala"]
[Site "Biel"]
[Round "9.28"]
[Annotator "ChessBase"]
[Result "1-0"]
[Date "2023.07.27"]
[WhiteElo "2194"]
[BlackElo "2231"]
[PlyCount "73"]
[TimeControl "60"]

1. e4 {[%emt 0:0:0]} c5 {[%emt 0:0:0]} 2. Nf3 {[%emt 0:0:0]} e6 {[%emt 0:0:0]} 3. d4 {[%emt 0:0:0]} cxd4 {[%emt 0:0:0]} 4. Nxd4 {[%emt 0:0:0]} Nf6 {[%emt 0:0:0]} 5. Bd3 {[%emt 0:0:0]} Nc6 {[%emt 0:0:0]} 6. Nxc6 {[%emt 0:0:0]} bxc6 {[%emt 0:0:0]} 7. O-O {[%emt 0:0:0]} d5 {[%emt 0:0:0]} 8. Nd2 {[%emt 0:2:7]} Bd6 {[%emt 0:0:0]} 9. Qe2 {[%emt 0:2:2]} Qc7 {[%emt 0:0:2]} 10. h3 {[%emt 0:2:21]} O-O {[%emt 0:0:17]} 11. c4 {[%emt 0:0:27]} d4 {[%emt 0:1:25]} 12. Nb3 {[%emt 0:3:37]} e5 {[%emt 0:4:31]} 13. c5 {[%emt 0:18:43]} Be7 {[%emt 0:0:15]} 14. f4 {[%emt 0:0:4]} Nd7 {[%emt 0:6:54]} 15. f5 {[%emt 0:6:41]} a5 {[%emt 0:1:46]} 16. a4 {[%emt 0:2:2]} Rb8 {[%emt 0:1:58]} 17. Qc2 {[%emt 0:1:28]} Qa7 {[%emt 0:5:36]} 18. Bd2 {[%emt 0:20:12]} Nxc5 {[%emt 0:27:37]} 19. Nxa5 {[%emt 0:7:24]} Nxd3 {[%emt 0:12:6]} 20. Nxc6 {[%emt 0:10:49]} Qc7 {[%emt 0:9:38]} 21. Nxe7+ {[%emt 0:0:5]} Qxe7 {[%emt 0:0:3]} 22. Qxd3 {[%emt 0:0:5]} Qh4 {[%emt 0:0:49]} 23. b4 {[%emt 0:0:31]} Bb7 {[%emt 0:0:24]} 24. Rae1 {[%emt 0:2:20]} Kh8 {[%emt 0:6:1]} 25. f6 {[%emt 0:6:58]} g5 {[%emt 0:0:30]} 26. Re2 {[%emt 0:4:40]} Rg8 {[%emt 0:0:38]} 27. Be1 {[%emt 0:0:12]} Qh5 {[%emt 0:0:22]} 28. Bg3 {[%emt 0:0:5]} Rbc8 {[%emt 0:3:14]} 29. Rc2 {[%emt 0:6:0]} g4 {[%emt 0:1:3]} 30. h4 {[%emt 0:1:44]} Qh6 {[%emt 0:1:24]} 31. Rxc8 {[%emt 0:0:3]} Rxc8 {[%emt 0:0:1]} 32. Bxe5 {[%emt 0:0:28]} Qxh4 {[%emt 0:0:45]} 33. Bg3 {[%emt 0:0:21]} Qg5 {[%emt 0:2:48]} 34. Qxd4 {[%emt 0:0:4]} h5 {[%emt 0:0:3]} 35. Rf5 {[%emt 0:1:3]} Qh6 {[%emt 0:3:58]} 36. Bf4 {[%emt 0:0:10]} Qg6 {[%emt 0:1:7]} 37. Qe5 {[%emt 0:0:10]} 1-0

[Event "56th Biel Festival MTO 2023"]
[White "Jain Kashish Manoj"]
[Black "Collin,Moritz Valentin"]
[Site "Biel"]
[Round "9.29"]
[Annotator "ChessBase"]
[Result "1-0"]
[Date "2023.07.27"]
[WhiteElo "2375"]
[BlackElo "2132"]
[PlyCount "69"]
[TimeControl "60"]

1. e4 {[%emt 0:0:0]} c6 {[%emt 0:0:0]} 2. d4 {[%emt 0:0:0]} d5 {[%emt 0:0:0]} 3. e5 {[%emt 0:0:0]} Bf5 {[%emt 0:0:0]} 4. Nf3 {[%emt 0:0:0]} e6 {[%emt 0:0:0]} 5. Be2 {[%emt 0:0:0]} Ne7 {[%emt 0:0:0]} 6. O-O {[%emt 0:0:0]} Ng6 {[%emt 0:0:0]} 7. a4 {[%emt 0:0:0]} c5 {[%emt 0:0:0]} 8. Be3 {[%emt 0:0:0]} Nc6 {[%emt 0:0:0]} 9. dxc5 {[%emt 0:0:0]} Qc7 {[%emt 0:0:0]} 10. Nd4 {[%emt 0:0:0]} Nxd4 {[%emt 0:0:0]} 11. Qxd4 {[%emt 0:1:50]} Nxe5 {[%emt 0:3:40]} 12. Na3 {[%emt 0:13:14]} a6 {[%emt 0:4:33]} 13. b4 {[%emt 0:1:58]} Be7 {[%emt 0:16:14]} 14. Bf4 {[%emt 0:12:58]} Bf6 {[%emt 0:2:5]} 15. Qe3 {[%emt 0:6:5]} O-O-O {[%emt 0:9:58]} 16. Rae1 {[%emt 0:5:11]} g5 {[%emt 0:7:25]} 17. Bg3 {[%emt 0:0:18]} d4 {[%emt 0:3:53]} 18. Qb3 {[%emt 0:0:7]} h5 {[%emt 0:10:53]} 19. Nc4 {[%emt 0:3:5]} h4 {[%emt 0:0:53]} 20. Bxe5 {[%emt 0:0:13]} Bxe5 {[%emt 0:0:8]} 21. Nxe5 {[%emt 0:0:14]} Qxe5 {[%emt 0:0:10]} 22. Bxa6 {[%emt 0:1:48]} Qf4 {[%emt 0:4:59]} 23. Bb5 {[%emt 0:20:0]} d3 {[%emt 0:3:45]} 24. Re3 {[%emt 0:0:22]} dxc2 {[%emt 0:1:43]} 25. c6 {[%emt 0:0:7]} Rd2 {[%emt 0:6:20]} 26. cxb7+ {[%emt 0:3:19]} Kb8 {[%emt 0:1:3]} 27. Rc3 {[%emt 0:3:52]} h3 {[%emt 0:11:24]} 28. Ba6 {[%emt 0:8:51]} hxg2 {[%emt 0:8:25]} 29. Rc8+ {[%emt 0:0:26]} Ka7 {[%emt 0:0:6]} 30. Qe3+ {[%emt 0:0:27]} Kxa6 {[%emt 0:2:5]} 31. Rc6+ {[%emt 0:0:6]} Kxb7 {[%emt 0:0:26]} 32. Qb6+ {[%emt 0:0:6]} Ka8 {[%emt 0:0:11]} 33. Qa6+ {[%emt 0:0:1]} Kb8 {[%emt 0:0:9]} 34. Qb5+ {[%emt 0:0:4]} Ka7 {[%emt 0:0:8]} 35. Ra6# {[%emt 0:0:5]} 1-0

[Event "56th Biel Festival MTO 2023"]
[White "Vincenti,Leonardo"]
[Black "Abdulrahman Mohammad,Al Taher"]
[Site "Biel"]
[Round "9.30"]
[Annotator "ChessBase"]
[Result "1/2-1/2"]
[Date "2023.07.27"]
[WhiteElo "2117"]
[BlackElo "2258"]
[PlyCount "70"]

1. e4 c5 2. Nf3 d6 3. Bb5+ Nd7 4. Ba4 Ngf6 5. O-O a6 6. c4 g6 7. Nc3 Bg7 8. d3 O-O 9. h3 Rb8 10. Rb1 Ne8 11. d4 Nc7 12. Bxd7 Bxd7 13. dxc5 dxc5 14. Bf4 Rc8 15. Ne5 Bc6 16. Qxd8 Rfxd8 17. Nxc6 bxc6 18. Bxc7 Rxc7 19. Rfd1 Rcd7 20. Rxd7 Rxd7 21. Na4 Rd4 22. b3 Rd2 23. Nxc5 Bd4 24. Nxa6 Rxa2 25. Nb4 Rxf2 26. Kh1 c5 27. Nc6 e5 28. b4 cxb4 29. Nxd4 exd4 30. Rxb4 d3 31. Rb8+ Kg7 32. Rd8 d2 33. Kh2 Re2 34. e5 Re4 35. Rxd2 Rxc4 1/2-1/2

[Event "56th Biel Festival MTO 2023"]
[White "Gomez Barrera,Javiera Belen"]
[Black "Matsumura,Cocoro"]
[Site "Biel"]
[Round "9.31"]
[Annotator "ChessBase"]
[Result "1/2-1/2"]
[Date "2023.07.27"]
[WhiteElo "2256"]
[BlackElo "2081"]
[PlyCount "60"]

1. e4 c5 2. Nf3 e6 3. d4 cxd4 4. Nxd4 Nf6 5. Nc3 Nc6 6. Nxc6 bxc6 7. e5 Nd5 8. Ne4 Qc7 9. f4 Qb6 10. a3 Ne3 11. Qd3 Nxf1 12. Rxf1 f5 13. Nd6+ Bxd6 14. Qxd6 c5 15. Be3 Ba6 16. Qxb6 axb6 17. Rf2 Bb7 18. Rd1 Ra4 19. Rfd2 Bc6 20. Kf2 g5 21. g3 gxf4 22. gxf4 Rg8 23. Rg1 Rxg1 24. Kxg1 Ke7 25. Kf2 Ra8 26. Rd1 Rg8 27. Rg1 Rxg1 28. Kxg1 Be4 29. c3 d5 30. b4 cxb4 1/2-1/2

[Event "56th Biel Festival MTO 2023"]
[White "Frey,Fabian"]
[Black "Ehsani,Yassamin"]
[Site "Biel"]
[Round "9.32"]
[Annotator "ChessBase"]
[Result "1/2-1/2"]
[Date "2023.07.27"]
[WhiteElo "2230"]
[BlackElo "2106"]
[PlyCount "56"]

1. e4 e6 2. d4 d5 3. Nc3 Bb4 4. e5 c5 5. a3 Bxc3+ 6. bxc3 Nc6 7. Qg4 g6 8. h4 h6 9. h5 g5 10. f4 f5 11. Qg3 g4 12. dxc5 Qa5 13. Rb1 Nge7 14. Rb5 Qc7 15. Be3 Bd7 16. Bd3 Na5 17. Rb1 Rb8 18. Ne2 b6 19. cxb6 axb6 20. O-O O-O 21. Qf2 Nc8 22. Rb4 Nc6 23. Rb2 Qa7 24. Ra1 Qa5 25. a4 N6a7 26. c4 Rf7 27. Nd4 dxc4 28. Nxf5 Rxf5 1/2-1/2

[Event "56th Biel Festival MTO 2023"]
[White "Costello,Alexander"]
[Black "Prieb,Robert"]
[Site "Biel"]
[Round "9.33"]
[Annotator "ChessBase"]
[Result "1/2-1/2"]
[Date "2023.07.27"]
[WhiteElo "2224"]
[BlackElo "2060"]
[PlyCount "176"]

1. Nf3 Nf6 2. c4 e6 3. Nc3 d5 4. e3 c5 5. d4 Nc6 6. a3 dxc4 7. Bxc4 cxd4 8. exd4 Be7 9. O-O O-O 10. Qd3 b6 11. Bg5 Bb7 12. Rad1 Nd5 13. Ne4 Nf6 14. Bxf6 Bxf6 15. d5 exd5 16. Bxd5 Na5 17. Bxb7 Qxd3 18. Rxd3 Nxb7 19. Nxf6+ gxf6 20. Rfd1 Rfd8 21. Kf1 Kf8 22. b4 Rxd3 23. Rxd3 Rd8 24. Nd4 Rd5 25. Ke2 Nd8 26. f4 Ke8 27. Nf3 Rxd3 28. Kxd3 Kd7 29. Ke4 Nb7 30. Kd5 Nd6 31. Nd4 a6 32. a4 Ne8 33. Nf5 Nc7+ 34. Ke4 a5 35. bxa5 bxa5 36. Nd4 Na8 37. Kf5 Ke7 38. Nc6+ Kf8 39. Kxf6 Nb6 40. Nxa5 Nxa4 41. Nc4 Nc3 42. Ke5 Ke7 43. Nb6 f6+ 44. Kd4 Ne2+ 45. Ke4 Nc3+ 46. Kd3 Nb5 47. Kc4 Nd6+ 48. Kd5 Nb5 49. Nc4 Nc3+ 50. Kd4 Ne2+ 51. Ke4 Ke6 52. Kf3 Nd4+ 53. Kg4 Ne2 54. g3 Nd4 55. Ne3 Kf7 56. Kh5 Nf3 57. h4 Nd4 58. Kh6 Ne2 59. Nf1 Kg8 60. f5 Kh8 61. g4 Nd4 62. Nd2 Kg8 63. Ne4 Kh8 64. Nc5 Nf3 65. Kh5 Kg7 66. g5 fxg5 67. hxg5 Kf7 68. Ne6 Ne5 69. Kh6 Kg8 70. Nd8 Ng4+ 71. Kh5 Ne3 72. f6 Kh8 73. Kh4 Kg8 74. Kg3 Nd5 75. Kg4 Ne3+ 76. Kf4 Ng2+ 77. Ke5 Kf8 78. Ke6 Nf4+ 79. Kf5 Ng2 80. Nc6 Ne3+ 81. Ke6 Ng2 82. Ne5 Nf4+ 83. Kf5 Nd5 84. Kg4 h6 85. Ng6+ Kf7 86. Nh8+ Kf8 87. Ng6+ Kf7 88. Ne7 Nxf6+ 1/2-1/2

[Event "56th Biel Festival MTO 2023"]
[White "Matta,Vinay Kumar"]
[Black "Kamber,Bruno"]
[Site "Biel"]
[Round "9.34"]
[Annotator "ChessBase"]
[Result "1-0"]
[Date "2023.07.27"]
[WhiteElo "2111"]
[BlackElo "2214"]
[PlyCount "72"]

1. e4 c5 2. Nf3 a6 3. Nc3 Nc6 4. d4 cxd4 5. Nxd4 e6 6. Bf4 d6 7. Bg3 Nf6 8. Nxc6 bxc6 9. e5 Nd5 10. exd6 Bxd6 11. Qf3 Rb8 12. Ne4 Qa5+ 13. c3 Bc7 14. b4 Nxb4 15. Bxc7 Qxc7 16. cxb4 Qe5 17. O-O-O Qa1+ 18. Kd2 Qxa2+ 19. Ke1 O-O 20. Qc3 Qa4 21. Rb1 Qa2 22. Ra1 Qd5 23. f3 Rd8 24. Be2 Qd4 25. Qxd4 Rxd4 26. Kf2 f5 27. Nc5 Rbxb4 28. Nxa6 Rb2 29. Nc5 Rdd2 30. Rhe1 Rd5 31. Na4 Rb4 32. Reb1 Rxb1 33. Rxb1 Ra5 34. Rb8 Rxa4 35. Rxc8+ Kf7 36. Rxc6 g5 1-0

[Event "56th Biel Festival MTO 2023"]
[White "Ouellet,Maili-Jade"]
[Black "Akshit Kumar J"]
[Site "Biel"]
[Round "9.35"]
[Annotator "ChessBase"]
[Result "0-1"]
[Date "2023.07.27"]
[WhiteElo "2201"]
[BlackElo "2105"]
[PlyCount "91"]

1. d4 d5 2. c4 c6 3. Nf3 Nf6 4. Nc3 e6 5. Bg5 Nbd7 6. cxd5 exd5 7. e3 h6 8. Bh4 g5 9. Bg3 Nh5 10. Bd3 Nxg3 11. hxg3 Bg7 12. Nd2 Nb6 13. g4 Qe7 14. Qe2 Be6 15. Rc1 O-O-O 16. Nf1 Qd7 17. Ng3 Bxg4 18. Qxg4 Qxg4 19. Bf5+ Qxf5 20. Nxf5 Bf8 21. g4 Kd7 22. Rh5 Ke6 23. f3 Nd7 24. Ng3 Kf6 25. Kf2 Kg6 26. Rch1 Nf6 27. R5h3 c5 28. Nce2 c4 29. Nc3 a6 30. Nh5 Nxh5 31. Rxh5 b5 32. Ne2 a5 33. f4 f6 34. Ng3 a4 35. Ne2 a3 36. Rb1 axb2 37. Rxb2 b4 38. Ke1 Ra8 39. Nc1 Bd6 40. f5+ Kg7 41. Kf2 Ra3 42. Re2 Rc8 43. Re1 Kh7 44. Reh1 Bf8 45. R5h3 Rc6 46. Rg3 0-1

[Event "56th Biel Festival MTO 2023"]
[White "Monteverde,Jonathan"]
[Black "Ammar,Sedrani"]
[Site "Biel"]
[Round "9.36"]
[Annotator "ChessBase"]
[Result "1/2-1/2"]
[Date "2023.07.27"]
[WhiteElo "2074"]
[BlackElo "2154"]
[PlyCount "45"]

1. d4 d5 2. c4 e6 3. Nc3 Nf6 4. cxd5 exd5 5. Bg5 Be7 6. e3 h6 7. Bh4 Bg4 8. f3 Be6 9. Nge2 O-O 10. Nf4 c5 11. Be2 Nc6 12. Bf2 cxd4 13. exd4 Bd6 14. Qd2 a6 15. g4 Qc7 16. Be3 Rac8 17. h4 Nh7 18. Ncxd5 Bxd5 19. Nxd5 Bg3+ 20. Kf1 Qd8 21. Kg2 Bxh4 22. Rxh4 g6 23. Rhh1 1/2-1/2

[Event "56th Biel Festival MTO 2023"]
[White "Asllani,Dorian"]
[Black "Foerster-Yialamas,Lucas"]
[Site "Biel"]
[Round "9.37"]
[Annotator "ChessBase"]
[Result "1/2-1/2"]
[Date "2023.07.27"]
[WhiteElo "2272"]
[BlackElo "2157"]
[PlyCount "39"]

1. d4 d5 2. c4 c6 3. Nc3 Nf6 4. e3 e6 5. Nf3 Nbd7 6. Bd3 dxc4 7. Bxc4 b5 8. Bd3 Bb7 9. O-O a6 10. e4 c5 11. d5 Qc7 12. dxe6 fxe6 13. Bc2 c4 14. Ng5 Qc6 15. Qf3 Ne5 16. Qh3 Bc8 17. Ne2 Bc5 18. Bf4 Nd3 19. e5 Ne4 20. Qg3 1/2-1/2